000 00557nam a2200205Ia 4500
003 GCL
008 140319s9999 xx 000 0 ara d
040 _aGCL /
_cGCL
082 0 4 _aق
_b328.30962
_bم ب
100 1 _aمحمد الطويل
245 1 0 _aبرلمان الثورة /
_cمحمد الطويل
300 _a594 ص
490 _a
650 0 4 _aمصر
650 0 4 _aالاحوال السياسية
650 0 4 _aالدستور
650 0 4 _aالاحزاب السياسية
650 0 4 _aالاخوان المسلمون
942 _2ddc
_cBK
999 _c38435
_d38435